| 000 | 00563nam a2200241 a 4500 | ||
|---|---|---|---|
| 001 | nice12345678 | ||
| 003 | IN_TiNIC | ||
| 005 | 20260116011427.0 | ||
| 008 | 050524s1928 laha grp 000 0 urd | ||
| 020 |
_a _c100 |
||
| 082 | 0 | 0 |
_a244 _bANO1 |
| 100 | _aAnonymous, | ||
| 245 | _aEk Ajib Peshin Goi | ||
| 260 |
_aLahore _bPunjab Religious Booksociety _c1928 |
||
| 300 | _a20p | ||
| 500 | _aincludes index and biblioraphy | ||
| 505 | 2 | _aIndex | |
| 650 | _aBible Stories | ||
| 700 | 1 | _aAnonymous, | |
| 902 | _bSRS | ||
| 942 | _cBK | ||
| 999 |
_c1433 _d1433 |
||